header

Serial killers (Record no. 8605)

MARC details
000 -LEADER
fixed length control field 01216nam a2200313Ia 4500
001 - CONTROL NUMBER
control field ebr10696128
003 - CONTROL NUMBER IDENTIFIER
control field CaPaEBR
006 - FIXED-LENGTH DATA ELEMENTS--ADDITIONAL MATERIAL CHARACTERISTICS--GENERAL INFORMATION
fixed length control field m u
007 - PHYSICAL DESCRIPTION FIXED FIELD--GENERAL INFORMATION
fixed length control field cr cn|||||||||
008 - FIXED-LENGTH DATA ELEMENTS--GENERAL INFORMATION
fixed length control field 080201s2007 enka s 000 0 eng d
010 ## - LIBRARY OF CONGRESS CONTROL NUMBER
Canceled/invalid LC control number 2008353578
020 ## - INTERNATIONAL STANDARD BOOK NUMBER
Cancelled/invalid ISBN 1904380336 (pbk.)
Cancelled/invalid ISBN 9781904380337 (pbk.)
Cancelled/invalid ISBN 9781906534417
040 ## - CATALOGING SOURCE
Original cataloging agency CaPaEBR
Transcribing agency CaPaEBR
035 ## - SYSTEM CONTROL NUMBER
System control number (OCoLC)815543068
050 14 - LIBRARY OF CONGRESS CALL NUMBER
Classification number HV6535.G4
Item number W47 2007eb
100 1# - MAIN ENTRY--PERSONAL NAME
Personal name Wilson, David,
Dates associated with a name 1957 Apr. 23-
245 10 - TITLE STATEMENT
Title Serial killers
Medium [electronic resource] :
Remainder of title hunting Britons and their victims, 1960-2006 /
Statement of responsibility, etc David Wilson.
260 ## - PUBLICATION, DISTRIBUTION, ETC. (IMPRINT)
Place of publication, distribution, etc Winchester :
Name of publisher, distributor, etc Waterside,
Date of publication, distribution, etc c2007.
300 ## - PHYSICAL DESCRIPTION
Extent 192 p. :
Other physical details ill.
533 ## - REPRODUCTION NOTE
Type of reproduction Electronic reproduction.
Place of reproduction Palo Alto, Calif. :
Agency responsible for reproduction ebrary,
Date of reproduction 2013.
Note about reproduction Available via World Wide Web.
-- Access may be limited to ebrary affiliated libraries.
650 #0 - SUBJECT ADDED ENTRY--TOPICAL TERM
Topical term or geographic name as entry element Serial murder investigation
Geographic subdivision Great Britain.
Topical term or geographic name as entry element Serial murderers
Geographic subdivision Great Britain.
Topical term or geographic name as entry element Murder victims
Geographic subdivision Great Britain.
655 #7 - INDEX TERM--GENRE/FORM
Genre/form data or focus term Electronic books.
Source of term local
710 2# - ADDED ENTRY--CORPORATE NAME
Corporate name or jurisdiction name as entry element ebrary, Inc.
856 40 - ELECTRONIC LOCATION AND ACCESS
Uniform Resource Identifier <a href="http://site.ebrary.com/lib/rucke/Doc?id=10696128">http://site.ebrary.com/lib/rucke/Doc?id=10696128</a>
Public note An electronic book accessible through the World Wide Web; click to view

No items available.

© 2026 Rongo University
Contact us: librarian | system librarian | Rongo university